000 00585nam a22001337a 4500
020 _a0-440-86546-8
082 _a823
_bWIL/L
245 _aTHE LOTTIE PROJECT
260 _aBRITAIN
_bDOUBLEDAY
_c1998
300 _a203
520 _aThis book is about a young girl named Charlie. It explores her life with her very young mum Jo and her school life sitting next to the terrible, nerdy Jamie Edwards while being in Mrs Beckworth's class. Charlie researches into the life of servants for her Victorian project at school and writes her very own diary.0
650 _aSHORT STORY
942 _cBK
999 _c6477
_d6477